000
00287nam a2200121Ia 4500
008
190216s9999||||xx |||||||||||||| ||und||
100
_a
Berger&Amp; Jordan
245
0
_a
Text Book Of Economics
260
_b
Cambridge Uty Press
_c
1972
300
_a
583p
650
_a
Commerce
942
_c
BK
999
_c
8316
_d
8316